000 00589nam a2200181 i 4500
001 63114
003 ES-MaACL
005 20240428063031.0
007 t|
008 201030s1892 po ||||1| por d
100 1 _aBraga, Teófilo,
_d1843-1924
_931276
245 1 0 _aCentenario da descoberta da America /
_cpor Theophilo Braga.
260 _aLisboa :
_bTyp. da Academia real das sciencias,
_c1892.
300 _a19 p.
651 4 _aAmérica-
_xDescubrimientos y exploraciones-
_vAniversarios y centenarios.
_9138063
852 _aES-MaACL
_jT-744-F-2
999 _c63114
_d63114